Foundations of international law and politics /

Bibliographic Details
Main Author: Hathaway, Oona Anne
Other Authors: Koh, Harold Hongju, 1954-
Format: Book
Language:English
Published: New York : Foundation Press : Thomson West, 2005.
Series:Foundations of law series.
Subjects:

MARC

Tag First Indicator Second Indicator Subfields
LEADER 00000cam a2200000 a 4500
001 in00002118321
005 20151102194458.0
008 041229s2005 nyu b 000 0 eng d
010 |a  2005272334 
020 |a 1587787253 
035 |a (OCoLC)ocm57345376 
040 |a CGU  |c CGU  |d CWL  |d TXA  |d UtOrBLW 
049 |a TXAM 
090 |a KZ3410  |b .H38 2005 
100 1 |a Hathaway, Oona Anne. 
245 1 0 |a Foundations of international law and politics /  |c Oona A. Hathaway, Harold Hongju Koh. 
264 1 |a New York :  |b Foundation Press :  |b Thomson West,  |c 2005. 
300 |a xiii, 393 pages ;  |c 26 cm. 
336 |a text  |b txt  |2 rdacontent 
337 |a unmediated  |b n  |2 rdamedia 
338 |a volume  |b nc  |2 rdacarrier 
490 1 |a Foundations of law series 
504 |a Includes bibliographical references. 
505 0 |a I. International law and international relations : an introduction. International organization and the study of world politics / Peter J. Katzenstein, Robert O. Keohane, Stephen D. Krasner -- Why do nations obey? / Harold Hongju Koh -- II. Interest-based theories of state behavior. A. Realism. The twenty years' crisis / E.H. Carr -- Politics among nations / H. J. Morgenthau -- Theory of international politics / Kenneth Waltz -- B. Institutionalism. Institutional theory and the realist challenge after the Cold War / Robert O. Keohane -- International law : a compliance-based theory / Andrew Guzman -- C. Liberal theory. Taking preferences seriously : a liberal theory of international politics / Andrew Moravcsik -- A liberal theory of international law / Anne-Marie Slaughter -- International law : comment / Jose E. Alvarez -- III. A. Norm-based theories of state behavoir. National interests in international society / Martha Finnemore -- What makes the world hang together : neo-utilitarianism and the social constructivist challenge / John Gerard Ruggie -- Anarchy is what states make of it : the social construction of power politics / Alexander Wendt -- B. Theories of fairness and legitamacy. International law / H.L.A. Hart -- Legitimacy and authority in international politics / Ian Hurd -- Fairness in international law and institutions / Thomas M. Franck -- C. Legal process theories. 1. Managerial theory ("horizontal legal process").The new sovereignty / Abram Chayes, Antonie Handler Chayes -- Is the good news about compliance good news about cooperation? / George W. Downs, David M. Rocke, Peter N, Barsoom -- 2. Transmational legal process theory ("horizontal and vertical legal process"). New international legal process / Mary Ellen O'Connel -- Why do nations obey? / Harold Hongju Koh -- Bringing international law home / Harold Hongju Koh -- IV. Applications. A. Human rights. The origins of human rights regimes : democratic delegation in postwar Europe / Andrew Moravcsik -- Activists beyond borders / Margaret E. Keck, Kathryn Sikkink -- The promise and limits of the international law of torture / Oona Hathaway -- B. The environment. Banning chlofluorocarbons : epistemic community efforts to protect stratospheric ozone / Peter Haas -- The interst-based explanation of international environmental policy / Detlef Sprinz, Tapani Vaahtoranta -- The legitimacy of international governance : a coming challenge for international environmental law? / Daniel Bodansky -- C. Trade. Three models of judicial institutions in international organizations : the European Union, the United Nnations and the World Trade Organization / Jeffrey Michael Smith -- The WTO on trial / Susan Esserman, Robert Howse -- Enforcement and counter measures in the WTO : rules are rules, toward a more collective approach / Joost Pauwelyn -- The economic structure of renogotiation and dispute resolution in the World Trade Organization / Warren F. Schwartz, Alan O. Sykes -- D. Humanitarian intervention. Kosovo and the law of "humanitarian intervention" / Louis Henkin -- Benigh hegemony? : Kosovo and article 2(4) of the U.N. Charter / Jules Lobel -- International relations theory, international law, and the regime governing atrocities in international conflicts / Kenneth W. Abbott -- E. International criminal law. Beyond impunity : can international criminal justice prevent future atrocities? / Payam Akahavan -- The limits of idealism / Jack L. Godlsmith, Stephen D. Krasner -- F. War. International law and the war in Iraq / John Yoo -- What happens now? : the United Nations after Iraq / Thomas M. Franck -- On American exceptionalism / Harold Hongju Koh. 
650 0 |a International law. 
650 0 |a World politics. 
700 1 |a Koh, Harold Hongju,  |d 1954- 
830 0 |a Foundations of law series. 
948 |a cataloged  |b h  |c 2006/3/24  |d c  |e dmitchel  |f 11:30:20 am 
994 |a C0  |b TXA 
999 |a MARS 
999 f f |s f7cea60b-f4dd-3461-88d8-707fb6c753a9  |i e900c260-ca0c-335b-bea8-db9b647156a3  |t 0 
952 f f |p normal  |a Texas A&M University  |b College Station  |c Sterling C. Evans Library  |d Evans: Library Stacks  |t 0  |e KZ3410 .H38 2005  |h Library of Congress classification  |i unmediated -- volume  |m A14833570641 
998 f f |a KZ3410 .H38 2005  |t 0  |l Evans: Library Stacks